00589 a2200181 4500010001400000020002300014035001300037037001500050082001500065245008200080250001100162260004500173270006200218300002700280490005700307500001900364700002400383 aENG-88351 c345.00a0195690893 aEN-71884 bDBAD / PUB00a954.00869410aSubordinate and marginal groups in early India/cedited by Aloka Parasher-Sen a2nd ed aNew DelhibOxford University Pressc2007 bNew Delhie110 001aYMCA Library Building, Jai Singh Road axi, 480p.c22cm (pbk) aOxford in India Readings - Themes in Indian history) aIncludes index aParasher-Sen, Aloka